000 00529nam a22001817a 4500
003 CEME
005 20210628205234.0
008 210222b xxu||||| |||| 00| 0 eng d
020 _a0-19-508725-9
040 _c.
082 _a207 PAL'S
100 _aPals, Daniel L
_974525
245 _aSeven theories of religion
260 _aNEWYUORK
_bOXFORD UNIVERSITY PRESS
_c1996
300 _aVII,294P
650 _aRELIGION STUDY AND TEACHING 20TH CENTURY 19TH CENTURY RELIGION STUDY AND TEACHING HISTORY
_974526
942 _cBK
_2ddc
999 _c580044
_d580044